000 00358nam a22001457a 4500
008 230621b ||||| |||| 00| 0 eng d
020 _a978803942192
041 _aeng
080 _2FIFTH EDITION
_a159.9
082 _a159.9
100 _a25
101 _aPSI
245 _aHANDBOOK OF RESEARCH DESING AND SOCIAL MEASUREMENT
_cMILLER.C.D
942 _2udc
_cBK
999 _c60014
_d60014